000 00814nam a22002177a 4500
999 _c61775
_d61775
005 20240501130253.0
008 240501s2007 enk||||| |||| 00| 0 eng d
020 _a‎ 9780198568377x
041 _aeng
080 _a616 O-97
245 _aOxford Handbook of Clinical Medicine /
_cMurray Longmore, Ian Wilkinson, Tom Turmezei, Chee Kay Cheung.
264 _aOxford :
_bOxford University Press,
_c2007.
300 _a850 p.:
_bill.;
_c19 cm.
653 _aლინიკური მედიცინა
653 _aქირურგია
700 _aLongmore, Murray
_eავტორი
_922019
700 _aWilkinson, Ian
_eავტორი
_922020
700 _aTurmezei, Tom
_eავტორი
_922021
700 _aCheung, Chee Kay
_eავტორი
_922022
942 _2udc
_cᲬᲘᲒᲜᲘ